Catálogo público

Frozen Food Technology / (Record no. 172807)

MARC details
000 -CABECERA
campo de control de longitud fija 00748nam a2200265Ia 4500
001 - NÚMERO DE CONTROL
campo de control dia_2287
003 - IDENTIFICADOR DEL NÚMERO DE CONTROL
campo de control CHAP
005 - FECHA Y HORA DE LA ÚLTIMA TRANSACCIÓN
campo de control 20251027152218.0
008 - DATOS DE LONGITUD FIJA--INFORMACIÓN GENERAL
campo de control de longitud fija 220117s1993 xx 000 0 und d
010 ## - NÚMERO DE CONTROL DE LA BIBLIOTECA DEL CONGRESO
Número de control de LC 172807
040 ## - FUENTE DE LA CATALOGACIÓN
Centro/agencia transcriptor CHAP
082 ## - NÚMERO DE LA CLASIFICACIÓN DECIMAL DEWEY
Número de clasificación 641.862 M3
100 ## - ENTRADA PRINCIPAL--NOMBRE DE PERSONA
Nombre de persona Mallett, C.P.
9 (RLIN) 152522
245 ## - MENCIÓN DE TÍTULO
Título Frozen Food Technology /
Mención de responsabilidad, etc. by C.P. Mallett
260 ## - PUBLICACIÓN, DISTRIBUCIÓN, ETC.
Lugar de publicación, distribución, etc. London :
Nombre del editor, distribuidor, etc. Blackie Academic & Profesional,
Fecha de publicación, distribución, etc. 1993
300 ## - DESCRIPCIÓN FÍSICA
Extensión 337 p.
500 ## - NOTA GENERAL
Nota general I.179242
650 ## - PUNTO DE ACCESO ADICIONAL DE MATERIA--TÉRMINO DE MATERIA
Término de materia o nombre geográfico como elemento de entrada 1.Alimentos
Subdivisión general tecnología/
9 (RLIN) 148925
650 ## - PUNTO DE ACCESO ADICIONAL DE MATERIA--TÉRMINO DE MATERIA
Término de materia o nombre geográfico como elemento de entrada Alimento
Subdivisión general empaque.
9 (RLIN) 152523
650 ## - PUNTO DE ACCESO ADICIONAL DE MATERIA--TÉRMINO DE MATERIA
Término de materia o nombre geográfico como elemento de entrada Alimentos
Subdivisión general conservación/
9 (RLIN) 4179
901 ## - ELEMENTOS DE DATOS A LOCAL LDA (RLIN)
a 641.862 M3
902 ## - ELEMENTOS DE DATOS B LOCAL, LDB (RLIN)
a M
905 ## - ELEMENTOS DE DATOS E LOCAL, LDE (RLIN)
a 0000001993 LONA 0000000000ING00
942 ## - ELEMENTOS DE PUNTO DE ACCESO ADICIONAL (KOHA)
Tipo de ítem Koha Libro
Fuente del sistema de clasificación o colocación Dewey Decimal Classification
Holdings
Estado de retiro Estado de pérdida Fuente del sistema de clasificación o colocación Estado dañado Restricciones de uso No para préstamo Código de colección Localización permanente Ubicación/localización actual Fecha de adquisición Fuente de adquisición Coste, precio normal de compra Número de inventario Total de préstamos Signatura topográfica completa Código de barras Fecha visto por última vez Fecha del último préstamo Número de copia Tipo de ítem Koha
    Dewey Decimal Classification   Préstamo interno   General Ingenieria Agroindustrial Ingenieria Agroindustrial 04/08/1995 Compra Librería Patena F. 895 / R. (04/08/1995) 1197.00 179242 3 641.862 M3 dia_4150 24/10/2023 24/10/2023 1 Libro